[Event "Madrid-chT Honor 2122"]
[Site "Madrid"]
[Date "2022.01.29"]
[Round "7.3"]
[White "Soham, Das1111"]
[Black "Vallejo Diaz, Jesus"]
[Result "1-0"]
[WhiteElo "2330"]
[BlackElo "2227"]
[PlyCount "59"]
[EventDate "2021.11.27"]
[EventType "team-tourn"]
[EventRounds "14"]
[EventCountry "ESP"]
[SourceTitle "EXT 2024"]
[Source "ChessBase"]
[SourceDate "2023.10.10"]
[SourceVersion "1"]
[SourceVersionDate "2023.10.10"]
[SourceQuality "1"]
[WhiteTeam "Villalba 64"]
[BlackTeam "Virgen de Atocha"]
[WhiteTeamCountry "ESP"]
[BlackTeamCountry "ESP"]

1. e4 Nf6 2. e5 Nd5 3. d4 d6 4. c4 Nb6 5. exd6 cxd6 6. Nc3 g6 7. Be3 Bg7 8. Rc1 0-0 9. b3 Nc6 10. d5 Ne5 11. Be2 Re8 12. f4 Ned7 13. Nf3 Nf6 14. 0-0 e6 15. dxe6 Bxe6 16. Kh1 d5 17. c5 Nc8 18. Ne5 Ne7 19. Bb5 Rf8 20. c6 bxc6 21. Nxc6 Nxc6 22. Bxc6 Rc8 23. Nb5 a6 24. Nd4 Ne4 25. Qd3 Qh4 26. Kg1 Rfd8 27. Qxa6 Nd6 28. Qd3 Nf5 29. Nf3 Qh6 30. Bd2 1-0

[Event "Madrid-chT Honor 2122"]
[Site "Madrid"]
[Date "2022.01.09"]
[Round "4.3"]
[White "Fernandez Lledo, Javier"]
[Black "Vallejo Diaz, Jesus"]
[Result "1/2-1/2"]
[WhiteElo "2245"]
[BlackElo "2211"]
[PlyCount "135"]
[EventDate "2021.11.27"]
[EventType "team-tourn"]
[EventRounds "14"]
[EventCountry "ESP"]
[SourceTitle "EXT 2024"]
[Source "ChessBase"]
[SourceDate "2023.10.10"]
[SourceVersion "1"]
[SourceVersionDate "2023.10.10"]
[SourceQuality "1"]
[WhiteTeam "Alcala de Henares"]
[BlackTeam "Virgen de Atocha"]
[WhiteTeamCountry "ESP"]
[BlackTeamCountry "ESP"]

1. Nf3 Nf6 2. b3 d6 3. d4 Nbd7 4. Bb2 c5 5. e3 e6 6. Nbd2 Be7 7. Bd3 0-0 8. g4 cxd4 9. Nxd4 Nc5 10. Rg1 Nxd3+ 11. cxd3 Qd7 12. Qf3 d5 13. g5 Ne8 14. Qg3 b6 15. f4 f6 16. N2f3 Ba6 17. Ke2 Rc8 18. Qh3 Nc7 19. Rg4 e5 20. fxe5 fxg5 21. Qg3 Ne6 22. h4 h5 23. Rxg5 Bxg5 24. hxg5 Nxd4+ 25. Nxd4 g6 26. e6 Qc7 27. Qxc7 Rxc7 28. Ba3 Re8 29. Rf1 Rc3 30. Rf6 Rxd3 31. Rxg6+ Kh7 32. Rh6+ Kg8 33. Kf3 Bc8 34. e7 Bg4+ 35. Kf4 Rd2 36. Rf6 Rf2+ 37. Ke5 Rxf6 38. gxf6 h4 39. Kf4 h3 40. Kg3 Kf7 41. Bd6 Bd7 42. Be5 Rg8+ 43. Kh2 Rg2+ 44. Kh1 Rxa2 45. Nf3 Rg2 46. Bc3 Be8 47. Ng1 Bd7 48. Nf3 Be8 49. Ng1 Rg3 50. Bd4 Bd7 51. Ne2 Rg2 52. Nc3 Bg4 53. Nb5 Bd7 54. Nd6+ Ke6 55. e8Q+ Bxe8 56. Nxe8 Rc2 57. Ng7+ Kf7 58. Nf5 Rf2 59. Ne7 Ke6 60. Ng6 Kf5 61. e4+ Kxg6 62. Bxf2 dxe4 63. Bh4 a5 64. Kh2 b5 65. Kxh3 a4 66. bxa4 bxa4 67. Kg4 a3 68. Be1 1/2-1/2

[Event "Madrid-chT 2021"]
[Site "Madrid"]
[Date "2021.05.23"]
[Round "12.3"]
[White "Mkrtchyan, Levon"]
[Black "Vallejo Diaz, Jesus"]
[Result "1/2-1/2"]
[WhiteElo "2213"]
[BlackElo "2227"]
[PlyCount "42"]
[EventDate "2021.01.23"]
[EventType "team-tourn"]
[EventRounds "14"]
[EventCountry "ESP"]
[SourceTitle "EXT 2022"]
[Source "ChessBase"]
[SourceDate "2021.10.06"]
[SourceVersion "1"]
[SourceVersionDate "2021.10.06"]
[SourceQuality "1"]
[WhiteTeam "Tajamar"]
[BlackTeam "Virgen de Atocha"]
[WhiteTeamCountry "ESP"]
[BlackTeamCountry "ESP"]

1. e4 d6 2. d4 Nf6 3. Nc3 Nbd7 4. f4 e5 5. Nf3 exd4 6. Qxd4 c6 7. Bc4 b5 8. Be2 Qb6 9. a3 Bb7 10. Qxb6 axb6 11. Rb1 Nc5 12. e5 Nfe4 13. Nxe4 Nxe4 14. Be3 dxe5 15. Nxe5 f6 16. Nf3 Bc5 17. Bxc5 bxc5 18. Bd3 Nd6 19. c3 0-0-0 20. Kf2 h6 21. Rhe1 Rhe8 1/2-1/2

[Event "Madrid-chT 1819"]
[Site "Madrid"]
[Date "2019.02.02"]
[Round "8.3"]
[White "Moreno Ibanez, Miguel"]
[Black "Vallejo Diaz, Jesus"]
[Result "1-0"]
[WhiteElo "2285"]
[BlackElo "2204"]
[PlyCount "71"]
[EventDate "2018.11.17"]
[EventType "team-tourn"]
[EventRounds "14"]
[EventCountry "ESP"]
[SourceTitle "CBM 189 Extra"]
[Source "ChessBase"]
[SourceDate "2019.06.03"]
[SourceVersion "1"]
[SourceVersionDate "2019.06.03"]
[SourceQuality "1"]
[WhiteTeam "Liberty Chess"]
[BlackTeam "Alcorcon"]
[WhiteTeamCountry "ESP"]
[BlackTeamCountry "ESP"]

1. e4 c5 2. Nf3 e6 3. b3 Nf6 4. e5 Nd5 5. Bb2 Nc6 6. g3 d6 7. exd6 Qxd6 8. Na3 f6 9. Bg2 Be7 10. 0-0 0-0 11. d4 Rd8 12. c3 a6 13. Nc4 Qc7 14. Ne3 cxd4 15. Nxd5 Rxd5 16. Nxd4 Rd8 17. Qe2 Nxd4 18. cxd4 Bf8 19. Rfe1 Qb6 20. Rac1 Bb4 21. Red1 Bd7 22. Qe4 Rab8 23. h4 Bd6 24. h5 Qa5 25. h6 g6 26. Bh3 f5 27. Qh4 Rf8 28. d5 e5 29. Bxe5 Bxe5 30. Qe7 Bb2 31. Qxd7 Rf7 32. Rc8+ Rxc8 33. Qxc8+ Rf8 34. Qxb7 Qc3 35. Qxa6 Qe5 36. Qe6+ 1-0

[Event "Madrid-chT 1819"]
[Site "Madrid"]
[Date "2019.01.19"]
[Round "6.3"]
[White "Vallejo Diaz, Jesus"]
[Black "Garrido Olivares, Ricard"]
[Result "1/2-1/2"]
[WhiteElo "2204"]
[BlackElo "2165"]
[PlyCount "64"]
[EventDate "2018.11.17"]
[EventType "team-tourn"]
[EventRounds "14"]
[EventCountry "ESP"]
[SourceTitle "CBM 189 Extra"]
[Source "ChessBase"]
[SourceDate "2019.06.03"]
[SourceVersion "1"]
[SourceVersionDate "2019.06.03"]
[SourceQuality "1"]
[WhiteTeam "Alcorcon"]
[BlackTeam "San Fernando de Henares"]
[WhiteTeamCountry "ESP"]
[BlackTeamCountry "ESP"]

1. e4 c6 2. d4 d5 3. Nd2 dxe4 4. Nxe4 Bf5 5. Ng3 Bg6 6. Bc4 e6 7. N1e2 Nf6 8. h4 h6 9. Nf4 Bh7 10. Qe2 Bd6 11. Ngh5 0-0 12. g4 Bxf4 13. Bxf4 Nxh5 14. gxh5 Qxd4 15. Be5 Qe4 16. Rg1 Qxe2+ 17. Kxe2 f6 18. Bf4 Kh8 19. Rg3 Bf5 20. Rag1 Rf7 21. Re3 Re7 22. Bd6 Rd7 23. Bxe6 Bxe6 24. Rxe6 Na6 25. Rd1 Nc7 26. Bxc7 Rxc7 27. c4 Kg8 28. f4 Kf7 29. f5 Re8 30. Rdd6 Rce7 31. Rxe7+ Rxe7+ 32. Kf3 Re5 1/2-1/2

[Event "Madrid-chT 1819"]
[Site "Madrid"]
[Date "2018.12.15"]
[Round "4.3"]
[White "Vallejo Diaz, Jesus"]
[Black "Rubio Mejia, Luis Ignacio"]
[Result "0-1"]
[WhiteElo "2204"]
[BlackElo "2440"]
[PlyCount "102"]
[EventDate "2018.11.17"]
[EventType "team-tourn"]
[EventRounds "14"]
[EventCountry "ESP"]
[SourceTitle "CBM 189 Extra"]
[Source "ChessBase"]
[SourceDate "2019.06.03"]
[SourceVersion "1"]
[SourceVersionDate "2019.06.03"]
[SourceQuality "1"]
[WhiteTeam "Alcorcon"]
[BlackTeam "Virgen de Atocha"]
[WhiteTeamCountry "ESP"]
[BlackTeamCountry "ESP"]

1. e4 c5 2. Nf3 d6 3. Bb5+ Bd7 4. Bxd7+ Qxd7 5. 0-0 Nf6 6. Re1 Nc6 7. c3 e6 8. d4 cxd4 9. cxd4 d5 10. e5 Ng8 11. a3 Nge7 12. Qd3 h5 13. b4 Nf5 14. Nbd2 Rc8 15. Bb2 Be7 16. Rec1 0-0 17. Nb3 a6 18. g3 Na7 19. Nc5 Bxc5 20. bxc5 Nc6 21. Bc3 f6 22. Re1 Qf7 23. Ra2 Rce8 24. Rb2 Nh6 25. exf6 gxf6 26. Bd2 Nf5 27. Bf4 Qh7 28. Rd1 Rf7 29. Re2 Rg7 30. Qd2 h4 31. Rde1 Qh5 32. Qd3 Kf7 33. Rxe6 Rxe6 34. Rxe6 hxg3 35. fxg3 Qg4 36. Re1 Qxf4 37. Qe2 Qe4 38. Ne5+ Kg8 39. Nxc6 Qxe2 40. Rxe2 bxc6 41. Re8+ Kf7 42. Ra8 Nxd4 43. Rxa6 Ke6 44. a4 Rc7 45. a5 Nb5 46. Ra8 d4 47. Kf2 Kd5 48. Rf8 Nc3 49. Ke1 Ra7 50. Rxf6 Rxa5 51. Rf4 Ra2 0-1

[Event "Madrid-chT 1819"]
[Site "Madrid"]
[Date "2018.11.17"]
[Round "1.2"]
[White "Fernandez Garcia, Miguel Angel"]
[Black "Vallejo Diaz, Jesus"]
[Result "1-0"]
[WhiteElo "2298"]
[BlackElo "2204"]
[PlyCount "99"]
[EventDate "2018.11.17"]
[EventType "team-tourn"]
[EventRounds "14"]
[EventCountry "ESP"]
[SourceTitle "CBM 189 Extra"]
[Source "ChessBase"]
[SourceDate "2019.06.03"]
[SourceVersion "1"]
[SourceVersionDate "2019.06.03"]
[SourceQuality "1"]
[WhiteTeam "Liberty Chess"]
[BlackTeam "Alcorcon"]
[WhiteTeamCountry "ESP"]
[BlackTeamCountry "ESP"]

1. d4 Nf6 2. c4 e6 3. Nf3 Bb4+ 4. Nbd2 b6 5. g3 Bb7 6. Bg2 0-0 7. 0-0 Bxd2 8. Qxd2 d6 9. b3 Nbd7 10. Bb2 Qe7 11. Qg5 h6 12. Qh4 Rfe8 13. Rfd1 Nf8 14. Qf4 Rab8 15. h3 Ng6 16. Qe3 Nd7 17. Ne1 Bxg2 18. Nxg2 f5 19. Qf3 Nf6 20. d5 Ne4 21. dxe6 Qxe6 22. Nf4 Nxf4 23. gxf4 a5 24. Kh2 Kh7 25. Rg1 g6 26. Rg2 Qf7 27. Rag1 Re6 28. Qd3 Rg8 29. a3 Nc5 30. Qc2 Re4 31. f3 Re3 32. Bd4 Qe8 33. b4 axb4 34. axb4 Nd7 35. Qd2 Re6 36. Bc3 Nf6 37. e4 fxe4 38. f5 e3 39. fxg6+ Kg7 40. Qd4 Rf8 41. Re2 Qe7 42. Rge1 Re8 43. Qd3 c5 44. bxc5 dxc5 45. Qf5 Kg8 46. g7 Qc7+ 47. f4 Nd7 48. Rxe3 Rxe3 49. Rxe3 Nf6 50. Rxe8+ 1-0

[Event "Madrid-chT 1718"]
[Site "Madrid"]
[Date "2018.03.04"]
[Round "12.12"]
[White "Moreno Ruiz, Javier"]
[Black "Vallejo Diaz, Jesus"]
[Result "1-0"]
[WhiteElo "2450"]
[BlackElo "2246"]
[PlyCount "55"]
[EventDate "2017.11.19"]
[EventType "team-tourn"]
[EventRounds "14"]
[EventCountry "ESP"]
[SourceTitle "EXT 2019"]
[Source "ChessBase"]
[SourceDate "2018.10.10"]
[SourceVersion "1"]
[SourceVersionDate "2018.10.10"]
[SourceQuality "1"]
[WhiteTeam "Collado Villalba"]
[BlackTeam "Alcorcon"]
[WhiteTeamCountry "ESP"]
[BlackTeamCountry "ESP"]

1. c4 Nf6 2. g3 e5 3. Bg2 Be7 4. Nc3 0-0 5. Nf3 d6 6. d4 Nbd7 7. 0-0 c6 8. e4 a5 9. h3 exd4 10. Nxd4 Nb6 11. b3 d5 12. cxd5 cxd5 13. e5 Ne4 14. Nxe4 dxe4 15. Bb2 f5 16. Qe2 Bc5 17. Rfd1 Qe7 18. Rac1 Rd8 19. g4 fxg4 20. hxg4 e3 21. fxe3 Qxe5 22. Nf5 Rxd1+ 23. Qxd1 Qxb2 24. Qd8+ Kf7 25. Rxc5 Qb1+ 26. Kh2 Bxf5 27. Qxb6 Be4 28. Rc7+ 1-0

[Event "Madrid-chT 1718"]
[Site "Madrid"]
[Date "2018.01.28"]
[Round "7.12"]
[White "Vallejo Diaz, Jesus"]
[Black "Diezma Aganzo, Jose Luis"]
[Result "1-0"]
[WhiteElo "2246"]
[BlackElo "2231"]
[PlyCount "155"]
[EventDate "2017.11.19"]
[EventType "team-tourn"]
[EventRounds "14"]
[EventCountry "ESP"]
[SourceTitle "EXT 2019"]
[Source "ChessBase"]
[SourceDate "2018.10.10"]
[SourceVersion "1"]
[SourceVersionDate "2018.10.10"]
[SourceQuality "1"]
[WhiteTeam "Alcorcon"]
[BlackTeam "Villaverde"]
[WhiteTeamCountry "ESP"]
[BlackTeamCountry "ESP"]

1. e4 e5 2. Nf3 Nc6 3. Bc4 Nf6 4. d3 Be7 5. Nbd2 d6 6. c3 0-0 7. h3 Na5 8. Bb5 a6 9. Ba4 b5 10. Bc2 c5 11. g4 Nc6 12. Qe2 d5 13. Nf1 d4 14. Ng3 dxc3 15. bxc3 b4 16. cxb4 Nxb4 17. Bb2 Nd7 18. Nf5 a5 19. 0-0 Ba6 20. Rfd1 Nxc2 21. Qxc2 Bf6 22. Qd2 Qc7 23. Rac1 Rfe8 24. Kg2 Nf8 25. g5 Bd8 26. Qe3 Ng6 27. Kh1 Rc8 28. Ba3 Be7 29. Nxe7+ Qxe7 30. Bxc5 Qe6 31. Ng1 Qxa2 32. d4 exd4 33. Bxd4 Qe6 34. f3 Ne5 35. Rxc8 Rxc8 36. Ba1 f6 37. gxf6 gxf6 38. Bxe5 fxe5 39. Qg5+ Kh8 40. Rd8+ Rxd8 41. Qxd8+ Kg7 42. Qxa5 Bf1 43. Qe1 Bc4 44. Qg3+ Kf7 45. h4 Bf1 46. Qf2 Qa6 47. f4 exf4 48. Qxf4+ Qf6 49. Qc7+ Kg6 50. Qg3+ Kf7 51. Nf3 h6 52. Ne5+ Ke6 53. Ng4 Qa1 54. Kh2 Qb2+ 55. Kg1 Bc4 56. Qf4 Qg7 57. Qf5+ Kd6 58. e5+ Ke7 59. Kf2 Be6 60. Qf6+ Qxf6+ 61. Nxf6 Bf5 62. Ke3 Ke6 63. Kf4 Bc2 64. Ng8 h5 65. Nf6 Bd1 66. Ne4 Ke7 67. Nd6 Ke6 68. Nf5 Bg4 69. Nd4+ Ke7 70. Ke4 Bh3 71. Nf5+ Kf7 72. Kf4 Kg6 73. Nd6 Be6 74. Ke4 Bb3 75. Kd4 Kg7 76. Kc5 Kf8 77. Nf5 Kf7 78. Kd6 1-0

[Event "Terre degli Elimi op 6th"]
[Site "Erice"]
[Date "2015.08.03"]
[Round "8"]
[White "Franchini, Gabriele"]
[Black "Vallejo Diaz, Jesus"]
[Result "1/2-1/2"]
[WhiteElo "2153"]
[BlackElo "2283"]
[PlyCount "135"]
[EventDate "2015.07.28"]
[EventType "swiss"]
[EventRounds "9"]
[EventCountry "ITA"]
[SourceTitle "EXT 2017"]
[Source "ChessBase"]
[SourceDate "2016.10.25"]
[SourceVersion "1"]
[SourceVersionDate "2016.10.25"]
[SourceQuality "1"]

1. d4 Nf6 2. Bg5 e6 3. e4 h6 4. Bxf6 Qxf6 5. Nc3 d6 6. Qd2 c6 7. 0-0-0 e5 8. Nge2 Qxf2 9. dxe5 Be7 10. Qd4 Qxd4 11. Nxd4 dxe5 12. Nf3 Bf6 13. Bc4 Nd7 14. Rd6 Nb6 15. Bb3 a5 16. a4 Bg4 17. Rhd1 Bxf3 18. gxf3 Rd8 19. R1d3 Rxd6 20. Rxd6 h5 21. Ne2 Rh6 22. Rd1 h4 23. Rg1 g6 24. Kd2 Be7 25. Nc1 Bc5 26. Rg4 Nd7 27. Nd3 Bd6 28. Bc4 Ke7 29. c3 Nc5 30. Nxc5 Bxc5 31. Ke2 Rh8 32. Bd3 Bd6 33. Bc4 Kf6 34. Bd3 Kg7 35. Bc4 Rh5 36. h3 Bc5 37. Bd3 Be7 38. Bc2 Bg5 39. Rg1 Kf6 40. Bb3 Bf4 41. Bc4 Ke7 42. b4 axb4 43. cxb4 Rh8 44. Rd1 Ra8 45. Bb3 f5 46. Rg1 Bg3 47. Rd1 Rf8 48. Rf1 Ra8 49. Rd1 Rf8 50. Rf1 Kf6 51. Bc2 Ke7 52. Bb1 Kd6 53. Rd1+ Kc7 54. Bc2 Ra8 55. Ra1 Rf8 56. Rd1 Bh2 57. Rh1 Bf4 58. Rg1 Rf6 59. Rd1 Bh6 60. Rg1 Kb6 61. Rd1 Bf8 62. Rb1 Kc7 63. Bd3 Rd6 64. b5 Rd4 65. bxc6 Kxc6 66. Rc1+ Bc5 67. exf5 gxf5 68. Rc4 1/2-1/2

[Event "Terre degli Elimi op 6th"]
[Site "Erice"]
[Date "2015.07.30"]
[Round "3"]
[White "Favitta, Amedeo"]
[Black "Vallejo Diaz, Jesus"]
[Result "0-1"]
[WhiteElo "1852"]
[BlackElo "2283"]
[PlyCount "68"]
[EventDate "2015.07.28"]
[EventType "swiss"]
[EventRounds "9"]
[EventCountry "ITA"]
[SourceTitle "EXT 2017"]
[Source "ChessBase"]
[SourceDate "2016.10.25"]
[SourceVersion "1"]
[SourceVersionDate "2016.10.25"]
[SourceQuality "1"]

1. d4 Nf6 2. c4 d6 3. f3 Nbd7 4. e4 e5 5. Ne2 Be7 6. Be3 0-0 7. Qd2 Re8 8. Na3 exd4 9. Bxd4 c6 10. Nc2 Bf8 11. 0-0-0 Qc7 12. Nc3 a6 13. Bd3 b5 14. h4 Ne5 15. f4 Nxd3+ 16. Qxd3 bxc4 17. Qxc4 Nxe4 18. Nd5 Qb7 19. Nb6 d5 20. Qb3 Rb8 21. Nxc8 Qxc8 22. Qa4 f6 23. Rh3 c5 24. Bg1 d4 25. Qc4+ Kh8 26. h5 h6 27. Rf3 Qg4 28. Qxa6 Qxh5 29. Qc6 Qf7 30. Rb3 Rbc8 31. Qb7 Rc7 32. Qb5 c4 33. Rh3 d3 34. Ne3 c3 0-1

[Event "Terre degli Elimi op 6th"]
[Site "Erice"]
[Date "2015.07.29"]
[Round "2"]
[White "Vallejo Diaz, Jesus"]
[Black "Matsenko, Elena"]
[Result "1-0"]
[WhiteElo "2283"]
[BlackElo "1996"]
[PlyCount "117"]
[EventDate "2015.07.28"]
[EventType "swiss"]
[EventRounds "9"]
[EventCountry "ITA"]
[SourceTitle "EXT 2017"]
[Source "ChessBase"]
[SourceDate "2016.10.25"]
[SourceVersion "1"]
[SourceVersionDate "2016.10.25"]
[SourceQuality "1"]

1. e4 c5 2. Nf3 Nc6 3. Bb5 e6 4. 0-0 Nge7 5. Re1 a6 6. Bf1 Ng6 7. c3 d5 8. exd5 Qxd5 9. Na3 Be7 10. Nc4 Qd8 11. a4 a5 12. d3 0-0 13. Qb3 Rb8 14. Be3 b6 15. Rad1 Qc7 16. g3 e5 17. Bg2 h6 18. Bc1 Be6 19. h4 Bf6 20. h5 Nge7 21. Qc2 Nd5 22. Qe2 Bg4 23. Qe4 Qd7 24. Nh2 Bxd1 25. Rxd1 Nde7 26. Ng4 Bg5 27. Ngxe5 Nxe5 28. Nxe5 Qe6 29. f4 Bf6 30. Re1 Rfd8 31. Rf1 Rbc8 32. Kh2 Rc7 33. Qf3 Bxe5 34. fxe5 Nd5 35. Bh3 Qxe5 36. c4 Nb4 37. Bf4 Qe7 38. Bxc7 Qxc7 39. Bf5 Qe5 40. Be4 Rd7 41. Qg4 Re7 42. Rf2 Re6 43. b3 Qg5 44. Qf3 Rf6 45. Bf5 Nc6 46. Kg2 g6 47. hxg6 Kg7 48. gxf7 Nd4 49. Qa8 Rxf7 50. Be4 Rxf2+ 51. Kxf2 Qd2+ 52. Kg1 Ne2+ 53. Kg2 Nd4+ 54. Kh3 Qg5 55. Qe8 Qf6 56. Kg2 Nxb3 57. Bd5 Qf5 58. Qe7+ Kh8 59. Be4 1-0

[Event "Terre degli Elimi op 6th"]
[Site "Erice"]
[Date "2015.07.28"]
[Round "1"]
[White "Sacristan Latorre, Alberto"]
[Black "Vallejo Diaz, Jesus"]
[Result "1/2-1/2"]
[WhiteElo "1991"]
[BlackElo "2283"]
[PlyCount "123"]
[EventDate "2015.07.28"]
[EventType "swiss"]
[EventRounds "9"]
[EventCountry "ITA"]
[SourceTitle "EXT 2017"]
[Source "ChessBase"]
[SourceDate "2016.10.25"]
[SourceVersion "1"]
[SourceVersionDate "2016.10.25"]
[SourceQuality "1"]

1. e4 c5 2. c3 Nf6 3. e5 Nd5 4. g3 d6 5. exd6 Qxd6 6. Bg2 Nc6 7. Ne2 Bf5 8. 0-0 Bd3 9. Re1 0-0-0 10. b3 e5 11. Bb2 Qg6 12. Na3 h5 13. Nc1 Bf5 14. c4 Ndb4 15. Bxe5 Nxe5 16. Rxe5 Nc6 17. Rd5 Bd6 18. Ne2 Nb4 19. Nf4 Bxf4 20. Rxc5+ Nc6 21. gxf4 h4 22. Kh1 h3 23. Bf3 Kb8 24. Nb5 Rd3 25. Nc3 Rhd8 26. Rxf5 Qxf5 27. Be4 Qxf4 28. Bxd3 Rxd3 29. Qe2 Rxd2 30. Nd5 Rxe2 31. Nxf4 Rxf2 32. Nxh3 Rc2 33. Rf1 Rxa2 34. Rxf7 Rb2 35. Rxg7 Rxb3 36. Nf4 a5 37. Nd5 Ne5 38. Kg2 Nxc4 39. h4 Ne3+ 40. Nxe3 Rxe3 41. h5 Re5 42. h6 Rh5 43. h7 Ka7 44. Kf3 a4 45. Ke4 Ka6 46. Kd4 b6 47. Kc3 Rh4 48. Rg4 Rxh7 49. Rxa4+ Kb5 50. Rb4+ Ka5 51. Rg4 Rh3+ 52. Kb2 b5 53. Rg8 Ka4 54. Rg7 Rh2+ 55. Kb1 b4 56. Rg3 Rh1+ 57. Kb2 Rh4 58. Kb1 b3 59. Rg8 Rh1+ 60. Kb2 Rh2+ 61. Kb1 Rh4 62. Kb2 1/2-1/2

[Event "Madrid-chT 1314"]
[Site "Madrid"]
[Date "2014.01.12"]
[Round "5.45"]
[White "Vallejo Diaz, Jesus"]
[Black "Lucas Quintans, Carlos"]
[Result "1/2-1/2"]
[WhiteElo "2272"]
[BlackElo "1860"]
[PlyCount "73"]
[EventDate "2013.11.16"]
[EventType "team-tourn"]
[EventRounds "14"]
[EventCountry "ESP"]
[SourceTitle "EXT 2015"]
[Source "ChessBase"]
[SourceDate "2014.11.20"]
[SourceVersion "1"]
[SourceVersionDate "2014.11.20"]
[SourceQuality "1"]
[WhiteTeam "Liberty Chess"]
[BlackTeam "San Fernando de Henares"]
[WhiteTeamCountry "ESP"]
[BlackTeamCountry "ESP"]

1. e4 d6 2. d4 Nf6 3. Nc3 g6 4. f4 Bg7 5. Nf3 c6 6. Bd3 Nbd7 7. e5 Nd5 8. Ne4 N7b6 9. c3 0-0 10. 0-0 Bf5 11. h3 Bxe4 12. Bxe4 f5 13. exf6 exf6 14. f5 Re8 15. Bc2 g5 16. Bb3 Kh8 17. h4 Ne3 18. Bxe3 Rxe3 19. hxg5 fxg5 20. Qd2 Qe7 21. Be6 Re4 22. Nxg5 Bh6 23. Nf7+ Qxf7 24. Qxh6 Qf8 25. Qh5 Qf6 26. Qh2 Rd8 27. Rf3 Rh4 28. Qg3 Qh6 29. Re1 Rh1+ 30. Kf2 Qd2+ 31. Re2 Qc1 32. Qg4 Qg1+ 33. Kg3 Qh2+ 34. Kf2 Qg1+ 35. Kg3 Qh2+ 36. Kf2 Qg1+ 37. Kg3 1/2-1/2

[Event "Madrid-chT 1314"]
[Site "Madrid"]
[Date "2013.11.23"]
[Round "2.16"]
[White "Vallejo Diaz, Jesus"]
[Black "Dougan Maho, Harold"]
[Result "1/2-1/2"]
[WhiteElo "2272"]
[BlackElo "2221"]
[PlyCount "51"]
[EventDate "2013.11.16"]
[EventType "team-tourn"]
[EventRounds "14"]
[EventCountry "ESP"]
[SourceTitle "EXT 2015"]
[Source "ChessBase"]
[SourceDate "2014.11.20"]
[SourceVersion "1"]
[SourceVersionDate "2014.11.20"]
[SourceQuality "1"]
[WhiteTeam "Liberty Chess"]
[BlackTeam "Villalba 64"]
[WhiteTeamCountry "ESP"]
[BlackTeamCountry "ESP"]

1. e4 e5 2. Nf3 Nc6 3. d4 exd4 4. Bc4 Nf6 5. e5 d5 6. Bb5 Ne4 7. Nxd4 Bd7 8. Bxc6 bxc6 9. 0-0 Bc5 10. Be3 0-0 11. f3 Ng5 12. c3 Re8 13. f4 Ne4 14. Nd2 Nxd2 15. Qxd2 f6 16. Nf3 Bb6 17. Rae1 Bg4 18. exf6 Bxf3 19. Rxf3 Qxf6 20. Kh1 Re4 21. Bxb6 axb6 22. a3 Rae8 23. Rxe4 Rxe4 24. Kg1 Qe7 25. Kf1 Qc5 26. g3 1/2-1/2

[Event "Madrid-chT 1213 Honor"]
[Site "Madrid"]
[Date "2012.12.02"]
[Round "3.36"]
[White "Vallejo Diaz, Jesus"]
[Black "Merlo, Rodrigo Cesar"]
[Result "1-0"]
[WhiteElo "2290"]
[BlackElo "1979"]
[PlyCount "93"]
[EventDate "2012.11.18"]
[EventType "team"]
[EventRounds "14"]
[EventCountry "ESP"]
[SourceTitle "EXT 2014"]
[Source "ChessBase"]
[SourceDate "2013.11.20"]
[SourceVersion "1"]
[SourceVersionDate "2013.11.20"]
[SourceQuality "1"]
[WhiteTeam "Amigos del Retiro"]
[BlackTeam "Cafe Comercial"]
[WhiteTeamCountry "ESP"]
[BlackTeamCountry "ESP"]

1. e4 c5 2. Nf3 g6 3. c3 d5 4. exd5 Qxd5 5. d4 Bg7 6. dxc5 Qxd1+ 7. Kxd1 Nf6 8. Bb5+ Bd7 9. Na3 0-0 10. Bxd7 Nbxd7 11. c6 bxc6 12. Re1 Rfe8 13. Nc4 Nd5 14. Nce5 Nxe5 15. Nxe5 Rac8 16. Kc2 f6 17. Nc4 Nb6 18. Nxb6 axb6 19. Be3 c5 20. a4 e5 21. a5 bxa5 22. c4 Ra8 23. Ra4 f5 24. Bxc5 Rec8 25. Bb6 e4 26. b3 Ra6 27. Bxa5 Rc5 28. Bb4 Rxc4+ 29. bxc4 Rxa4 30. Kb3 Ra7 31. c5 Kf7 32. Re2 Ke6 33. Kc4 Be5 34. f3 Bxh2 35. fxe4 f4 36. c6 Rc7 37. Kb5 Bg1 38. Ba5 Rc8 39. c7 Bd4 40. Kc6 Rf8 41. Bb4 Rg8 42. Rd2 Bf6 43. Rd6+ Kf7 44. Rd7+ Ke6 45. Rxh7 Be5 46. Re7+ Kf6 47. Bd6 1-0

[Event "Madrid-chT"]
[Site "Madrid"]
[Date "2012.01.29"]
[Round "8.35"]
[White "Cobo Diego, Fidel"]
[Black "Vallejo Diaz, Jesus"]
[Result "1/2-1/2"]
[WhiteElo "2054"]
[BlackElo "2258"]
[PlyCount "97"]
[EventDate "2011.11.13"]
[EventType "team-tourn"]
[EventRounds "14"]
[EventCountry "ESP"]
[SourceTitle "EXT 2013"]
[Source "ChessBase"]
[SourceDate "2012.11.22"]
[SourceVersion "1"]
[SourceVersionDate "2012.11.22"]
[SourceQuality "1"]
[WhiteTeam "Moratalaz"]
[BlackTeam "Amigos del Retiro"]
[WhiteTeamCountry "ESP"]
[BlackTeamCountry "ESP"]

1. e4 c5 2. Nf3 e6 3. d4 cxd4 4. Nxd4 a6 5. Bd3 Bc5 6. Nb3 Be7 7. 0-0 Qc7 8. Be3 Nf6 9. Nc3 Nc6 10. Na4 b5 11. Nb6 Rb8 12. Nxc8 Qxc8 13. a4 0-0 14. axb5 axb5 15. Qe2 Nb4 16. Bf4 d6 17. e5 Nfd5 18. Bg3 Nxd3 19. cxd3 Qd7 20. d4 Nb4 21. exd6 Bxd6 22. Ra7 Qxa7 23. Bxd6 Nc6 24. Bxf8 Rxf8 25. Qxb5 Nxd4 26. Nxd4 Qxd4 27. b4 Qf4 28. Qc5 g6 29. g3 Qe4 30. b5 Rb8 31. Rc1 Kg7 32. b6 Rb7 33. Qc3+ e5 34. Qb3 Rd7 35. Qb5 Rd5 36. Qb1 Qxb1 37. Rxb1 Rd8 38. Kf1 f5 39. b7 Rb8 40. Ke2 Kf6 41. Ke3 Ke6 42. f4 e4 43. g4 Kd6 44. gxf5 gxf5 45. Rb6+ Kd5 46. Rf6 Rxb7 47. Rxf5+ Ke6 48. Re5+ Kf6 49. Kxe4 1/2-1/2

[Event "Madrid-chT"]
[Site "Madrid"]
[Date "2012.01.22"]
[Round "7.25"]
[White "Aguado Solana, Juan"]
[Black "Vallejo Diaz, Jesus"]
[Result "0-1"]
[WhiteElo "2050"]
[BlackElo "2258"]
[PlyCount "58"]
[EventDate "2011.11.13"]
[EventType "team-tourn"]
[EventRounds "14"]
[EventCountry "ESP"]
[SourceTitle "EXT 2013"]
[Source "ChessBase"]
[SourceDate "2012.11.22"]
[SourceVersion "1"]
[SourceVersionDate "2012.11.22"]
[SourceQuality "1"]
[WhiteTeam "Blanco y Negro"]
[BlackTeam "Amigos del Retiro"]
[WhiteTeamCountry "ESP"]
[BlackTeamCountry "ESP"]

1. e4 c5 2. d4 cxd4 3. c3 Nf6 4. e5 Nd5 5. cxd4 e6 6. Nf3 d6 7. Bd3 Nc6 8. a3 Qc7 9. Qe2 Nxd4 10. Nxd4 Qxc1+ 11. Qd1 Qxd1+ 12. Kxd1 dxe5 13. Nb5 a6 14. N5c3 Bd7 15. Re1 f6 16. Ne4 Be7 17. Nbd2 0-0 18. f3 Rfd8 19. g3 f5 20. Nf2 Bf6 21. Nc4 Bb5 22. Ke2 Ne7 23. Rac1 Rac8 24. b3 Nc6 25. Nb6 Nd4+ 26. Ke3 Rxc1 27. Rxc1 Bxd3 28. Nxd3 Nxf3 29. Rc7 e4 0-1